000 00665nam a2200193 i 4500
001 68232
003 ES-MaACL
005 20230906170229.0
007 t|
008 040611s1913 es |||| |dspa d
100 1 _aGarcía, Miguel Ángel.
_954081
245 1 0 _aHomenaje a Colón
_b: dedicado a los niños de la escuelas oficiales de El Salvador /
_cpor Miguel Angel García.
260 _aSan Salvador :
_b[s.n.],
_c1913 (
_fImp. Nacional)
300 _a16 p. ;
_c23 cm.
594 _aPrecede al tít.: Biblioteca del Ateneo de El Salvador.
600 1 4 _aColón, Cristóbal.
_939869
710 0 _aAteneo de El Salvador.
_91865
852 _aES-MaACL
_jT-1351-F-11
999 _c68232
_d68232